Propozycje flag dla Geomexa - Statystyki

Ogólne statystyki
  • Ten quiz został rozwiązany 171 razy
  • Średni wynik to 5 z 11
Statystyki odpowiedzi
Obrazkowy Odpowiedź % Poprawnych
Kanada
85%
Nowa Zelandia
84%
Bośnia i Hercegowina
72%
Kirgistan
70%
Estonia
50%
Egipt
48%
Fidżi
33%
Wyspy Świętego Tomasza i Książęca
14%
Irak
5%
Angola
4%
Republika Środkowoafrykańska
3%
Nie znaleziono quizów pasujących do podanych kryteriów
Rozkład punktacji
Procent ludzi z każdym wynikiem
Percentyl według liczby udzielonych odpowiedzi
Twoja historia wyników
Nie rozwiązałeś tego quizu